Experiencias de prácticas de enseñanza: orientaciones para los alumnos de escuelas de formación del profesorado

Salvato in:
Dettagli Bibliografici
Autore principale: Martínez Sánchez, Amparo (autora)
Natura: Libro
Lingua:spagnolo
Pubblicazione: Madrid Narcea 1978
Serie:Apuntes I.E.P.S., 12
Soggetti:
Tags: Aggiungi Tag
Nessun Tag, puoi essere il primo ad aggiungerne!!

MARC

LEADER 00000nam a2200000 a 4500
001 UCZ7476
003 CL-VaPUC
008 960105e19780000SP |||||||||||||||||spa|d
082 0 4 |a 370.733  |b MAR  |2 21 
100 |a Martínez Sánchez, Amparo  |e autora  |9 352368 
245 1 0 |a Experiencias de prácticas de enseñanza: orientaciones para los alumnos de escuelas de formación del profesorado 
300 |a 36 p 
942 |c BK 
945 |d 19960105 00:00:00  |a cmena 
260 |a Madrid  |b Narcea  |c 1978 
650 0 |a Capacitación docente  |9 312871 
650 0 |a Docentes  |9 311365 
650 0 |a Planificación de la educación   |9 307333 
650 0 |a Evaluación de la educación   |9 237505 
583 |a last modification  |c 19960105 00:00:00  |k Rodrigo Vera 
490 0 |a Apuntes I.E.P.S., 12 
999 |c 243548  |d 243546 
952 |0 0  |1 0  |4 0  |6 370_733000000000000_MAR_1978  |7 0  |8 A  |9 257223  |a BIBEDU  |b BIBEDU  |d 2019-11-19  |i 1610589  |o 370.733 MAR 1978  |p 1610589  |r 2019-11-19  |w 2019-11-19  |y BK  |k EDU